000 00517nam a2200205Ia 4500
005 20140403094024.0
008 140130s9999 xx 000 0 und d
020 _a0590101374
050 _aPZ 7
_b.B243Iw 1975
100 _aBarchas, Sarah E.
245 _cSarah E. Barchas
_aI Was Walking Down The Road /
260 _bScholastic,
_c1975.
_aUSA :
300 _a30 p. :
_bill. col. ;
_c15 cm.
440 _v1
_931142
521 _aBR
526 _cBR
942 _cBK
_2lcc
999 _c41513
_d41513